<?xml version="1.0" encoding="UTF-8"?>
<record
    xmlns:xsi="http://www.w3.org/2001/XMLSchema-instance"
    xsi:schemaLocation="http://www.loc.gov/MARC21/slim http://www.loc.gov/standards/marcxml/schema/MARC21slim.xsd"
    xmlns="http://www.loc.gov/MARC21/slim">

  <leader>00912nam a2200205 i 4500</leader>
  <controlfield tag="001">37816</controlfield>
  <controlfield tag="003">ES-MaACL</controlfield>
  <controlfield tag="005">20230906155640.0</controlfield>
  <controlfield tag="007">t|</controlfield>
  <controlfield tag="008">030221s1911    fr           ||||1| fre d</controlfield>
  <datafield tag="100" ind1="1" ind2=" ">
    <subfield code="a">Buzzati, G.-C.</subfield>
    <subfield code="9">33003</subfield>
  </datafield>
  <datafield tag="245" ind1="1" ind2="3">
    <subfield code="a">Le droit international priv&#xE9;, d'apr&#xE9;s les conventions de La Haye. I. Le mariage, d'apr&#xE8;s les conventions du 12 de juin 1902 / </subfield>
    <subfield code="c">G.-C. Buzzati ; traduction fran&#xE7;aise du texte italien revis&#xE9; et corrig&#xE9; par l'auteur, par Francis Rey.</subfield>
  </datafield>
  <datafield tag="260" ind1=" " ind2=" ">
    <subfield code="a">Paris : </subfield>
    <subfield code="b">L. Larose et L. Tenin, </subfield>
    <subfield code="c">1911 (</subfield>
    <subfield code="e">Mayenne : </subfield>
    <subfield code="f">Charles Colin)</subfield>
  </datafield>
  <datafield tag="300" ind1=" " ind2=" ">
    <subfield code="a">XIV, 507 p. ; </subfield>
    <subfield code="c">23 cm.</subfield>
  </datafield>
  <datafield tag="490" ind1="1" ind2=" ">
    <subfield code="a">Biblioth&#xE8;que &#xE9;trang&#xE8;re de droit priv&#xE9; / sous la direction de A. de Lapradelle</subfield>
  </datafield>
  <datafield tag="700" ind1="1" ind2=" ">
    <subfield code="a">Rey, Francis.</subfield>
    <subfield code="9">96493</subfield>
  </datafield>
  <datafield tag="830" ind1="0" ind2=" ">
    <subfield code="a">Biblioth&#xE8;que &#xE9;trang&#xE8;re de droit priv&#xE9; / sous la direction de A. de Lapradelle</subfield>
    <subfield code="9">229656</subfield>
  </datafield>
  <datafield tag="852" ind1=" " ind2=" ">
    <subfield code="a">ES-MaACL</subfield>
    <subfield code="j">F-9218</subfield>
  </datafield>
  <datafield tag="999" ind1=" " ind2=" ">
    <subfield code="c">37816</subfield>
    <subfield code="d">37816</subfield>
  </datafield>
  <datafield tag="952" ind1=" " ind2=" ">
    <subfield code="0">0</subfield>
    <subfield code="1">0</subfield>
    <subfield code="4">0</subfield>
    <subfield code="7">0</subfield>
    <subfield code="a">ATENEOM</subfield>
    <subfield code="b">ATENEOM</subfield>
    <subfield code="c">SPP2</subfield>
    <subfield code="d">2008-01-17</subfield>
    <subfield code="e">SC</subfield>
    <subfield code="l">0</subfield>
    <subfield code="o">F-9218</subfield>
    <subfield code="p">1039816</subfield>
    <subfield code="r">2023-02-23 00:00:00</subfield>
    <subfield code="w">2023-02-23</subfield>
    <subfield code="y">MONOGRAFIA</subfield>
  </datafield>
</record>
